Poder político y clases sociales en el estado capitalista

Enregistré dans:
Détails bibliographiques
Auteur principal: Poulantzas, Nicos
Format: Texte
Publié: México D.F.: Siglo Veintiuno
Édition:19
Tags: Ajouter un tag
Pas de tags, Soyez le premier à ajouter un tag!

MARC

LEADER 00000 a a2200000 04500
001 24476
003
040
020 |a 968-23-0327-3  
090 |a 167500  
100 |a Poulantzas, Nicos  
245 |a Poder político y clases sociales en el estado capitalista  
250 |a 19  
260 |a México D.F.:   |b Siglo Veintiuno  
300 |a 471 p.  
999 |c 426  |d 426